000 00587nam a22002297a 4500
005 20151114101330.0
008 151112b xxu||||| |||| 00| 0 eng d
020 _a9789380673660
_c130
040 _aLoreto College
041 _aEnglish
082 _a519.72
_bSAN
100 _aSanyal, D.C.
245 _aIntroduction to linear programming
_cSanyal, D.C.
250 _a2nd
260 _aKolkata
_bU.N. Dhur & Sons
_c2014
300 _aviii,491p
_b22cm
504 _aIncludes index.
650 _aLinear Programming
700 _4Auth
_aDas, K.
850 _aLCLIB
942 _cBK
999 _c40173
_d90652